000 00364nam a22001217a 4500
999 _c2790
_d2790
005 20200924105719.0
008 200924b ||||| |||| 00| 0 eng d
020 _a4652
040 _cCML
245 _aEncyclopaedia Britannica.
_cWilliam, B.
260 _aChicago
_bEncyclopaedia Britannica, INC.
_c1959
942 _2ddc
_cBK
_eVolume 3
_h032
_kR032
_mENC